000 00510nam a2200181Ia 4500
003 GCL
008 140319s9999 xx 000 0 eng d
040 _aGCL /
_cGCL
082 0 4 _a306.0973
_bS C
100 1 _aSTIVERS, RICHARD
245 1 0 _aTHE CULTURE OF CYNISM: AMERICAN MORALITY IN DECLINE /
_cSTIVERS, RICHARD
260 _a[S.N] :
_bBLACKWELL ،
_c1994
300 _a210 P ؛
_c22 C M
650 0 4 _aUNITED STATES
650 0 4 _aMORAL CONDITIONS IN LITERATURE
650 0 4 _aCYNICISM
942 _2ddc
_cBK
999 _c10210
_d10210